000 00321nam a22000977a 4500
100 _aगर्ग,राकी
_979536
245 _aतुलसीदास
260 _aनई दिल्‍ली
_bभारतीय ज्ञानपीठ
_c2017
650 _aचिल्‍ड्रन बुक
_9159
942 _cHIN
999 _c63180
_d63180